[Event "Ïåðâåíñòâî Ìîñêâû ïî øàõìàòàì 2015 ñðåäè ìàëü÷èêîâ (Ì19)"]
[Site "Moscow"]
[Date "2015.11.13"]
[Round "2.8"]
[White "Òèòîâ, Åâãåíèé"]
[Black "Êàòâàëÿí, Àâåòèê"]
[Result "1-0"]
[WhiteElo "2057"]
[BlackElo "1829"]
[PlyCount "0"]
[EventDate "2015.11.12"]


1. d4 d5 2. c4 e6 3. Nc3 {[%clk 1:22:06]} Nf6 {[%clk 1:30:32]} 4. cxd5 exd5 5.
Bg5 {[%clk 1:22:25]} Be7 {[%clk 1:28:58]} 6. e3 {[%clk 1:22:23]} Be6
{[%clk 1:21:39]} 7. Bd3 {[%clk 1:22:27]} Nbd7 {[%clk 1:16:48]} 8. Nge2
{[%clk 1:20:58]} Nb6 {[%clk 1:14:02]} 9. Qc2 {[%clk 1:18:03]} h6 {[%clk 1:12:27]}
10. Bh4 {[%clk 1:18:21]} c6 {[%clk 1:10:07]} 11. h3 {[%clk 1:18:04]} Bd6
{[%clk 1:02:00]} 12. g4 {[%clk 1:08:14]} g5 {[%clk 0:55:46]} 13. Bg3
{[%clk 1:08:30]} Qe7 {[%clk 0:50:32]} 14. O-O-O {[%clk 1:08:11]} Bxg3
{[%clk 0:48:01]} 15. Nxg3 {[%clk 1:08:11]} O-O-O {[%clk 0:48:13]} 16. Na4
{[%clk 1:01:40]} Nxa4 {[%clk 0:46:34]} 17. Qxa4 {[%clk 1:02:04]} Kb8
{[%clk 0:47:03]} 18. Kb1 {[%clk 0:57:26]} h5 {[%clk 0:44:11]} 19. Nf5 Bxf5 20.
Bxf5 hxg4 21. hxg4 {[%clk 0:56:08]} Rxh1 {[%clk 0:43:57]} 22. Rxh1
{[%clk 0:56:31]} Nxg4 {[%clk 0:44:24]} 23. Qc2 {[%clk 0:55:28]} Nf6
{[%clk 0:43:49]} 24. Rh6 {[%clk 0:50:13]} Ne4 {[%clk 0:35:39]} 25. Qe2
{[%clk 0:37:57]} Qb4 {[%clk 0:28:29]} 26. a3 {[%clk 0:31:31]} Qb3
{[%clk 0:14:32]} 27. Ka1 {[%clk 0:28:09]} Nd6 {[%clk 0:04:42]} 28. Bc2
{[%clk 0:24:20]} Qb6 {[%clk 0:03:10]} 29. Bd3 {[%clk 0:19:30]} Qc7
{[%clk 0:02:16]} 30. Qh5 {[%clk 0:15:32]} Qe7 {[%clk 0:01:48]} 31. Rh7
{[%clk 0:15:40]} Qf6 {[%clk 0:01:48]} 32. Qh2 {[%clk 0:14:45]} a6
{[%clk 0:01:25]} 33. Qe5 {[%clk 0:12:27]} Qxf2 {[%clk 0:00:42]} 34. Rh6
{[%clk 0:09:01]} Qe1+ {[%clk 0:00:39]} 35. Ka2 {[%clk 0:09:24]} Rd7
{[%clk 0:00:31]} 36. Rxd6 {[%clk 0:09:14]} Rxd6 {[%clk 0:00:58]} 37. Qxd6+
{[%clk 0:09:37]} Ka7 {[%clk 0:01:19]} 38. Qc5+ {[%clk 0:07:55]} Kb8
{[%clk 0:01:37]} 39. Qb4 {[%clk 0:05:27]} Qg3 {[%clk 0:00:44]} 40. Bxa6
{[%clk 0:05:35]} Qc7 {[%clk 0:01:08]} 41. Be2 {[%clk 0:05:16]} Ka7
{[%clk 0:00:42]} 42. Qc5+ {[%clk 0:05:15]} Kb8 {[%clk 0:00:47]} 43. Qf8+
{[%clk 0:05:35]} Ka7 {[%clk 0:01:14]} 44. Bh5 {[%clk 0:04:33]} Qg3
{[%clk 0:00:54]} 45. Qe7 {[%clk 0:04:18]} f5 {[%clk 0:01:14]} 46. Be8
{[%clk 0:04:27]} Kb6 {[%clk 0:00:55]} 47. Qd8+ {[%clk 0:03:06]} Ka6
{[%clk 0:00:36]} 48. b4 {[%clk 0:01:47]} Kb5 {[%clk 0:01:01]} 49. Qe7
{[%clk 0:01:57]} b6 {[%clk 0:01:06]} 50. Qe6 {[%clk 0:01:47]} Qf2+
{[%clk 0:00:39]} 51. Kb3 {[%clk 0:02:02]} Ka6 {[%clk 0:00:43]} 52. Qc8+
{[%clk 0:01:56]} Ka7 53. Bxc6 {[%clk 0:01:26]} Qxe3+ {[%clk 0:01:37]} 54. Ka4
{[%clk 0:01:47]} b5+ {[%clk 0:01:52]} 55. Bxb5 {[%clk 0:01:21]} Qxd4
{[%clk 0:01:53]} 56. Qc7+ {[%clk 0:01:44]} Ka8 {[%clk 0:02:16]} 57. Bc6#
{[%clk 0:02:08]} 1-0

[Event "Ïåðâåíñòâî Ìîñêâû ïî øàõìàòàì 2015 ñðåäè ìàëü÷èêîâ (Ì19)"]
[Site "Moscow"]
[Date "2015.11.13"]
[Round "2.9"]
[White "Ñåëèâåðñòîâ, Âëàäèñëàâ"]
[Black "Âèõàðåâ, Àëåêñåé"]
[Result "1-0"]
[WhiteElo "1954"]
[BlackElo "2055"]
[PlyCount "0"]
[EventDate "2015.11.12"]


1. Nf3 {[%clk 1:30:58]} Nf6 {[%clk 1:25:43]} 2. d4 {[%clk 1:31:21]} d5
{[%clk 1:25:35]} 3. Bf4 {[%clk 1:31:05]} e6 {[%clk 1:25:45]} 4. e3
{[%clk 1:31:24]} Bd6 {[%clk 1:25:47]} 5. Bg3 {[%clk 1:30:57]} Ne4
{[%clk 1:19:54]} 6. Bd3 {[%clk 1:30:32]} Bxg3 {[%clk 1:18:21]} 7. hxg3
{[%clk 1:30:53]} Nd7 {[%clk 1:18:49]} 8. Nbd2 {[%clk 1:30:40]} Ndf6
{[%clk 1:11:22]} 9. g4 {[%clk 1:25:20]} h6 {[%clk 1:01:01]} 10. g5
{[%clk 1:25:03]} Nxd2 {[%clk 1:01:29]} 11. Nxd2 {[%clk 1:17:57]} Ng8
{[%clk 0:57:01]} 12. f4 {[%clk 1:17:52]} Qe7 {[%clk 0:53:11]} 13. Qf3
{[%clk 1:17:44]} Bd7 {[%clk 0:50:19]} 14. O-O-O {[%clk 1:16:24]} O-O-O
{[%clk 0:50:15]} 15. Rh2 {[%clk 1:14:31]} f6 {[%clk 0:44:20]} 16. Qg3
{[%clk 1:02:01]} Re8 {[%clk 0:35:20]} 17. Rdh1 {[%clk 1:00:12]} Kb8
{[%clk 0:28:32]} 18. Kb1 {[%clk 0:58:20]} Rf8 {[%clk 0:28:56]} 19. Nf3
{[%clk 0:58:04]} Be8 {[%clk 0:29:16]} 20. Qe1 {[%clk 0:54:56]} f5
{[%clk 0:28:14]} 21. Ne5 {[%clk 0:54:43]} h5 {[%clk 0:23:19]} 22. g4
{[%clk 0:54:20]} fxg4 {[%clk 0:23:34]} 23. Bg6 {[%clk 0:53:59]} Qd8
{[%clk 0:19:26]} 24. Bxh5 {[%clk 0:51:32]} Ne7 {[%clk 0:19:51]} 25. Bxg4
{[%clk 0:51:00]} Rxh2 {[%clk 0:20:10]} 26. Rxh2 {[%clk 0:51:24]} Nf5
{[%clk 0:20:40]} 27. Bxf5 {[%clk 0:51:08]} exf5 {[%clk 0:20:59]} 28. Rh7
{[%clk 0:50:34]} g6 {[%clk 0:17:26]} 29. Qh4 {[%clk 0:50:29]} Qd6
{[%clk 0:17:04]} 30. Rh8 {[%clk 0:48:20]} Kc8 {[%clk 0:13:48]} 31. Rxf8
{[%clk 0:39:54]} Qxf8 {[%clk 0:14:01]} 32. Qh7 {[%clk 0:40:09]} Qd6
{[%clk 0:14:19]} 33. Qg8 {[%clk 0:39:40]} Qe7 {[%clk 0:14:32]} 34. Qxd5
{[%clk 0:39:19]} Qh7 {[%clk 0:14:21]} 35. b3 {[%clk 0:38:24]} Qh4
{[%clk 0:14:27]} 36. Qe6+ {[%clk 0:38:04]} Kd8 {[%clk 0:14:56]} 37. Nxg6
{[%clk 0:38:01]} Bxg6 {[%clk 0:14:47]} 38. Qxg6 {[%clk 0:38:01]} Qe1+
{[%clk 0:15:16]} 39. Kb2 {[%clk 0:38:17]} Qxe3 {[%clk 0:15:45]} 40. Qf6+
{[%clk 0:38:31]} Ke8 {[%clk 0:15:57]} 41. Qe5+ {[%clk 0:38:17]} 1-0

[Event "Ïåðâåíñòâî Ìîñêâû ïî øàõìàòàì 2015 ñðåäè ìàëü÷èêîâ (Ì19)"]
[Site "Moscow"]
[Date "2015.11.13"]
[Round "2.10"]
[White "Õðèïà÷, Ãåîðãèé"]
[Black "Ãàëÿåâ, Èâàí"]
[Result "0-1"]
[WhiteElo "1715"]
[BlackElo "1976"]
[PlyCount "0"]
[EventDate "2015.11.12"]


1. b3 {[%clk 1:30:57]} d5 {[%clk 1:30:43]} 2. Bb2 {[%clk 1:31:22]} Nf6
{[%clk 1:30:46]} 3. e3 {[%clk 1:31:36]} c6 {[%clk 1:30:49]} 4. Nf3
{[%clk 1:24:36]} Bg4 {[%clk 1:27:45]} 5. Be2 {[%clk 1:23:57]} Nbd7
{[%clk 1:26:16]} 6. Ne5 {[%clk 1:15:52]} Bxe2 {[%clk 1:22:09]} 7. Qxe2
{[%clk 1:16:16]} Qc7 {[%clk 1:18:48]} 8. f4 {[%clk 1:12:49]} e6 {[%clk 1:14:39]}
9. O-O {[%clk 1:10:17]} Bd6 {[%clk 1:09:05]} 10. Nxd7 {[%clk 1:08:24]} Qxd7
{[%clk 1:08:23]} 11. d3 {[%clk 1:06:45]} Qc7 {[%clk 1:06:05]} 12. Nd2
{[%clk 1:01:32]} O-O-O {[%clk 0:59:33]} 13. c4 {[%clk 0:56:12]} h5
{[%clk 0:56:00]} 14. Rac1 {[%clk 0:51:06]} h4 {[%clk 0:49:11]} 15. c5 Be7
{[%clk 0:49:01]} 16. b4 {[%clk 0:38:10]} Nh5 {[%clk 0:44:43]} 17. a4
{[%clk 0:33:17]} Bf6 {[%clk 0:41:57]} 18. Nb3 {[%clk 0:29:26]} Qe7
{[%clk 0:35:19]} 19. d4 {[%clk 0:25:42]} g5 {[%clk 0:34:59]} 20. b5
{[%clk 0:22:24]} gxf4 {[%clk 0:34:06]} 21. bxc6 {[%clk 0:19:19]} bxc6
{[%clk 0:33:47]} 22. Na5 {[%clk 0:19:06]} Qc7 {[%clk 0:33:29]} 23. Qa6+
{[%clk 0:16:39]} Kd7 {[%clk 0:33:21]} 24. exf4 {[%clk 0:13:36]} Ng7
{[%clk 0:32:24]} 25. Bc3 {[%clk 0:11:39]} Rb8 {[%clk 0:28:59]} 26. Rb1
{[%clk 0:11:45]} Rhc8 {[%clk 0:22:54]} 27. Rb7 {[%clk 0:07:24]} Rxb7
{[%clk 0:21:50]} 28. Qxb7 {[%clk 0:07:07]} Qxb7 {[%clk 0:21:50]} 29. Nxb7
{[%clk 0:07:33]} Nf5 {[%clk 0:22:12]} 30. Rd1 {[%clk 0:07:30]} Rb8
{[%clk 0:22:34]} 31. Na5 {[%clk 0:07:30]} Bd8 {[%clk 0:22:00]} 32. Kf2
{[%clk 0:07:04]} Bxa5 {[%clk 0:21:52]} 33. Bxa5 {[%clk 0:07:28]} Rb3
{[%clk 0:21:59]} 34. Rd2 {[%clk 0:04:58]} Ra3 {[%clk 0:21:50]} 35. g4
{[%clk 0:03:19]} hxg3+ {[%clk 0:22:05]} 36. hxg3 {[%clk 0:03:47]} Nxg3
{[%clk 0:22:25]} 37. Rb2 {[%clk 0:03:56]} Kc8 {[%clk 0:22:13]} 38. Rb4
{[%clk 0:02:34]} Ne4+ {[%clk 0:22:02]} 39. Ke1 {[%clk 0:02:37]} Ra2
{[%clk 0:20:01]} 40. Rb3 {[%clk 0:01:28]} Rxa4 {[%clk 0:20:19]} 41. Bd2
{[%clk 0:01:51]} Nxd2 {[%clk 0:20:19]} 42. Kxd2 {[%clk 0:02:18]} Rxd4+
{[%clk 0:20:42]} 43. Ke3 {[%clk 0:02:42]} Rc4 {[%clk 0:20:55]} 0-1

[Event "Ïåðâåíñòâî Ìîñêâû ïî øàõìàòàì 2015 ñðåäè ìàëü÷èêîâ (Ì19)"]
[Site "Moscow"]
[Date "2015.11.14"]
[Round "3.1"]
[White "Êîâàëåâ, Åãîð"]
[Black "Àëåêñàíäðîâñêèé, Äìèòðèé"]
[Result "0-1"]
[WhiteElo "2144"]
[BlackElo "2183"]
[PlyCount "0"]
[EventDate "2015.11.12"]

1. Nf3 {[%clk 1:30:57]} d6 {[%clk 1:15:20]} 2. d4 {[%clk 1:30:16]} Nf6
{[%clk 1:15:26]} 3. g3 {[%clk 1:28:14]} c6 {[%clk 1:13:05]} 4. Bg2
{[%clk 1:28:22]} Bg4 {[%clk 1:12:46]} 5. Nc3 {[%clk 1:23:48]} e6 {[%clk 1:11:46]}
6. e4 {[%clk 1:21:35]} d5 {[%clk 1:09:50]} 7. Qd3 {[%clk 1:13:27]} Bb4
{[%clk 1:02:17]} 8. exd5 {[%clk 1:12:01]} Bf5 {[%clk 1:01:48]} 9. Qc4
{[%clk 1:03:07]} Bxc3+ {[%clk 1:00:36]} 10. Qxc3 {[%clk 1:00:09]} cxd5
{[%clk 0:59:53]} 11. Qb4 {[%clk 0:52:46]} Qe7 {[%clk 0:57:18]} 12. Qxe7+
{[%clk 0:49:56]} Kxe7 {[%clk 0:57:40]} 13. c3 {[%clk 0:47:37]} Nc6
{[%clk 0:55:53]} 14. O-O {[%clk 0:47:44]} Rhc8 {[%clk 0:55:21]} 15. b3
{[%clk 0:44:03]} b5 {[%clk 0:50:37]} 16. Ba3+ {[%clk 0:40:19]} Ke8
{[%clk 0:50:41]} 17. Nh4 {[%clk 0:32:32]} Be4 {[%clk 0:47:44]} 18. f3
{[%clk 0:32:39]} Bc2 {[%clk 0:46:14]} 19. Rf2 {[%clk 0:31:46]} b4
{[%clk 0:42:41]} 20. Rxc2 {[%clk 0:30:57]} bxa3 {[%clk 0:42:41]} 21. Re2
{[%clk 0:31:18]} Ne7 {[%clk 0:43:03]} 22. f4 {[%clk 0:28:23]} Rxc3
{[%clk 0:42:28]} 23. f5 {[%clk 0:28:25]} g5 {[%clk 0:40:27]} 24. fxg6
{[%clk 0:28:47]} hxg6 {[%clk 0:39:15]} 25. Rf1 {[%clk 0:28:46]} Ng4
{[%clk 0:37:37]} 26. Bh3 {[%clk 0:20:51]} Ne3 {[%clk 0:35:14]} 27. Rf6
{[%clk 0:21:16]} Rc1+ {[%clk 0:29:02]} 28. Kf2 {[%clk 0:21:37]} Nd1+
{[%clk 0:28:35]} 29. Kf3 {[%clk 0:19:46]} Nc3 {[%clk 0:26:55]} 30. Re5
{[%clk 0:19:49]} Ne4 {[%clk 0:26:08]} 31. Rfxe6 {[%clk 0:19:07]} fxe6
{[%clk 0:25:04]} 0-1

[Event "Ïåðâåíñòâî Ìîñêâû ïî øàõìàòàì 2015 ñðåäè ìàëü÷èêîâ (Ì19)"]
[Site "Moscow"]
[Date "2015.11.14"]
[Round "3.2"]
[White "Êðàñèêîâ, Âëàäèñëàâ"]
[Black "Åëåöêèé, Èâàí"]
[Result "0-1"]
[WhiteElo "2113"]
[BlackElo "2365"]
[PlyCount "0"]
[EventDate "2015.11.12"]

1. e4 {[%clk 1:18:27]} c5 {[%clk 1:30:50]} 2. Nf3 {[%clk 1:18:45]} e6
{[%clk 1:31:04]} 3. d4 {[%clk 1:17:24]} cxd4 {[%clk 1:31:29]} 4. Nxd4
{[%clk 1:17:46]} a6 {[%clk 1:31:53]} 5. Bd3 {[%clk 1:10:19]} g6 {[%clk 1:32:13]}
6. Be3 {[%clk 1:08:44]} Bg7 {[%clk 1:32:28]} 7. c4 {[%clk 1:05:59]} Ne7
{[%clk 1:32:19]} 8. Nc3 {[%clk 1:04:12]} O-O {[%clk 1:31:49]} 9. O-O
{[%clk 1:04:30]} Nbc6 {[%clk 1:28:13]} 10. Be2 d6 {[%clk 1:14:15]} 11. Qd2
{[%clk 1:02:32]} Nxd4 {[%clk 1:12:54]} 12. Bxd4 {[%clk 1:02:54]} e5
{[%clk 1:12:58]} 13. Be3 {[%clk 1:02:56]} Nc6 {[%clk 1:13:13]} 14. Rad1
{[%clk 0:54:36]} Nd4 {[%clk 1:12:19]} 15. Bxd4 {[%clk 0:54:18]} exd4
{[%clk 1:12:41]} 16. Nd5 {[%clk 0:54:42]} Be6 {[%clk 1:09:11]} 17. f4
{[%clk 0:50:51]} Qh4 {[%clk 0:58:45]} 18. g3 {[%clk 0:44:04]} Qd8
{[%clk 0:59:07]} 19. Qb4 {[%clk 0:41:39]} b5 {[%clk 0:48:07]} 20. cxb5
{[%clk 0:40:38]} axb5 {[%clk 0:47:20]} 21. Bxb5 {[%clk 0:38:57]} Rxa2
{[%clk 0:40:39]} 22. Bc4 {[%clk 0:38:01]} Ra8 {[%clk 0:40:35]} 23. Qd2
{[%clk 0:35:43]} Rc8 {[%clk 0:38:11]} 24. Qd3 {[%clk 0:34:44]} Rb8
{[%clk 0:37:03]} 25. Rb1 {[%clk 0:33:18]} Kh8 {[%clk 0:36:32]} 26. b4
{[%clk 0:32:48]} f5 {[%clk 0:36:32]} 27. Rb3 {[%clk 0:27:22]} fxe4
{[%clk 0:35:33]} 28. Qxe4 {[%clk 0:27:48]} Bf5 {[%clk 0:35:57]} 29. Qf3
{[%clk 0:26:46]} Bc2 {[%clk 0:32:57]} 30. Ra3 {[%clk 0:26:39]} Ra8
{[%clk 0:28:38]} 31. Rc1 {[%clk 0:23:26]} d3 {[%clk 0:27:41]} 32. Rxd3
{[%clk 0:19:56]} Bxd3 {[%clk 0:27:41]} 33. Qxd3 {[%clk 0:20:10]} Ra4
{[%clk 0:23:29]} 34. Qc2 {[%clk 0:14:01]} Qa8 {[%clk 0:23:12]} 35. Bb3
{[%clk 0:12:17]} Ra3 {[%clk 0:22:32]} 36. h4 {[%clk 0:11:51]} Re8
{[%clk 0:21:50]} 37. h5 {[%clk 0:11:04]} gxh5 {[%clk 0:21:30]} 38. b5
{[%clk 0:05:56]} Qa5 {[%clk 0:20:51]} 39. b6 {[%clk 0:05:07]} Ra1
{[%clk 0:20:07]} 40. Kh2 {[%clk 0:03:05]} Qb5 {[%clk 0:16:44]} 41. Bc4
{[%clk 0:02:31]} Rxc1 {[%clk 0:16:38]} 42. Qxc1 {[%clk 0:03:00]} Qc5
{[%clk 0:16:50]} 43. Qc2 {[%clk 0:01:15]} h4 {[%clk 0:16:31]} 44. b7
{[%clk 0:00:54]} Rb8 {[%clk 0:16:09]} 45. Qe2 {[%clk 0:00:40]} Qc6
{[%clk 0:14:33]} 46. Qe4 {[%clk 0:00:34]} hxg3+ {[%clk 0:11:18]} 47. Kxg3
{[%clk 0:01:03]} Qxb7 {[%clk 0:11:12]} 48. Bd3 {[%clk 0:01:05]} Bb2
{[%clk 0:11:31]} 49. Qf5 {[%clk 0:00:44]} Qg7+ {[%clk 0:11:19]} 50. Kf3
{[%clk 0:00:53]} Rf8 {[%clk 0:11:25]} 51. Qh5 {[%clk 0:01:00]} Be5
{[%clk 0:11:00]} 52. Qh4 {[%clk 0:01:03]} Bd4 {[%clk 0:10:41]} 53. Be4
{[%clk 0:01:04]} Rb8 {[%clk 0:09:42]} 54. Ke2 {[%clk 0:00:47]} Qa7
{[%clk 0:09:27]} 55. Ne7 {[%clk 0:00:36]} Qa2+ {[%clk 0:07:29]} 56. Kf3
{[%clk 0:00:57]} Qb3+ {[%clk 0:05:56]} 57. Kg4 {[%clk 0:00:44]} Qe6+
{[%clk 0:06:10]} 58. Bf5 {[%clk 0:00:38]} Qe2+ {[%clk 0:06:22]} 59. Kg5
{[%clk 0:00:59]} Qxe7+ 0-1

[Event "Ïåðâåíñòâî Ìîñêâû ïî øàõìàòàì 2015 ñðåäè ìàëü÷èêîâ (Ì19)"]
[Site "Moscow"]
[Date "2015.11.14"]
[Round "3.3"]
[White "Ìàòþíèí, Ìàêñèì"]
[Black "Òàðàñîâ, Àëåêñàíäð"]
[Result "0-1"]
[WhiteElo "2136"]
[BlackElo "2286"]
[PlyCount "0"]
[EventDate "2015.11.12"]

1. d4 {[%clk 1:30:58]} Nf6 {[%clk 1:25:57]} 2. Nf3 {[%clk 1:31:23]} c5
{[%clk 1:24:37]} 3. d5 {[%clk 1:31:50]} b5 {[%clk 1:24:53]} 4. e3
{[%clk 1:27:15]} Bb7 {[%clk 1:23:21]} 5. c4 {[%clk 1:25:23]} e6 {[%clk 1:20:05]}
6. dxe6 {[%clk 1:19:38]} fxe6 {[%clk 1:20:31]} 7. cxb5 {[%clk 1:20:04]} d5
{[%clk 1:20:46]} 8. Be2 {[%clk 1:18:58]} Bd6 {[%clk 1:20:17]} 9. O-O
{[%clk 1:18:49]} O-O {[%clk 1:19:11]} 10. b3 e5 {[%clk 1:12:05]} 11. Bb2
{[%clk 1:05:27]} Nbd7 {[%clk 1:09:01]} 12. Nbd2 {[%clk 0:57:41]} e4
{[%clk 1:06:41]} 13. Nh4 {[%clk 0:49:23]} Qc7 {[%clk 0:57:50]} 14. f4
{[%clk 0:42:58]} exf3 {[%clk 0:56:13]} 15. Ndxf3 {[%clk 0:39:54]} Ng4
{[%clk 0:50:09]} 16. Bd3 {[%clk 0:33:48]} Bxh2+ {[%clk 0:34:07]} 17. Kh1
{[%clk 0:34:09]} g6 {[%clk 0:32:58]} 18. Nxg6 {[%clk 0:12:47]} hxg6
{[%clk 0:30:54]} 19. Bxg6 {[%clk 0:13:04]} Be5 {[%clk 0:19:43]} 20. Ng5
{[%clk 0:09:45]} Ndf6 {[%clk 0:17:48]} 21. Bh7+ {[%clk 0:04:58]} Kh8
{[%clk 0:16:38]} 22. Bf5 {[%clk 0:01:07]} Bxb2 {[%clk 0:12:54]} 23. Bxg4
{[%clk 0:01:33]} Qg7 {[%clk 0:10:49]} 24. Ne6 {[%clk 0:00:51]} Qxg4
{[%clk 0:10:30]} 25. Nxf8 {[%clk 0:00:36]} Bxa1 {[%clk 0:10:13]} 26. Qxa1
{[%clk 0:00:34]} Rxf8 {[%clk 0:10:35]} 27. Rf4 {[%clk 0:01:00]} Qg5
{[%clk 0:10:41]} 28. Qe1 {[%clk 0:00:38]} Kg7 {[%clk 0:10:20]} 29. Qa5
{[%clk 0:01:02]} d4 {[%clk 0:10:26]} 30. Rh4 0-1

[Event "Ïåðâåíñòâî Ìîñêâû ïî øàõìàòàì 2015 ñðåäè ìàëü÷èêîâ (Ì19)"]
[Site "Moscow"]
[Date "2015.11.14"]
[Round "3.4"]
[White "Ïàÿíèäè, ßíèñ"]
[Black "Ìèõàéëîâñêèé, Âëàäèìèð"]
[Result "1/2-1/2"]
[WhiteElo "2178"]
[BlackElo "2126"]
[PlyCount "0"]
[EventDate "2015.11.12"]


1. e4 {[%clk 1:26:20]} e5 {[%clk 1:30:56]} 2. Nf3 {[%clk 1:26:20]} Nc6
{[%clk 1:31:19]} 3. Bb5 {[%clk 1:24:30]} Nf6 {[%clk 1:31:39]} 4. Qe2
{[%clk 1:23:51]} Bc5 {[%clk 1:31:40]} 5. O-O {[%clk 1:21:44]} O-O
{[%clk 1:31:06]} 6. d3 {[%clk 1:21:41]} Nd4 {[%clk 1:30:32]} 7. Nxd4
{[%clk 1:21:15]} Bxd4 {[%clk 1:30:42]} 8. c3 {[%clk 1:18:03]} Bb6
{[%clk 1:31:01]} 9. Bg5 {[%clk 1:17:04]} c6 {[%clk 1:30:21]} 10. Ba4
{[%clk 1:14:22]} h6 {[%clk 1:29:54]} 11. Bh4 {[%clk 1:13:42]} Re8
{[%clk 1:30:17]} 12. h3 {[%clk 1:13:56]} d6 {[%clk 1:10:29]} 13. Kh1
{[%clk 1:13:16]} Bc7 {[%clk 1:07:32]} 14. c4 {[%clk 1:10:32]} a6 {[%clk 1:05:08]}
15. Bb3 {[%clk 1:06:57]} g5 {[%clk 1:03:47]} 16. Bg3 {[%clk 1:07:23]} Nd7
{[%clk 1:02:53]} 17. Qh5 {[%clk 1:05:18]} Qf6 {[%clk 1:01:47]} 18. Nd2
{[%clk 1:01:57]} Nf8 {[%clk 0:47:12]} 19. d4 {[%clk 0:50:28]} Ne6
{[%clk 0:38:41]} 20. d5 {[%clk 0:47:57]} Ng7 {[%clk 0:38:37]} 21. Qf3
{[%clk 0:47:02]} Qxf3 {[%clk 0:38:43]} 22. Nxf3 {[%clk 0:47:00]} c5
{[%clk 0:39:08]} 23. Ng1 {[%clk 0:35:09]} Bd7 {[%clk 0:37:14]} 24. f3
{[%clk 0:33:20]} Bd8 {[%clk 0:35:54]} 25. Be1 {[%clk 0:33:14]} Bc7
{[%clk 0:30:51]} 26. g4 {[%clk 0:32:15]} f6 {[%clk 0:30:17]} 27. Ne2
{[%clk 0:31:46]} h5 {[%clk 0:29:27]} 28. Ng3 {[%clk 0:30:38]} h4 {[%clk 0:29:38]}
29. Ne2 {[%clk 0:30:11]} Kf7 {[%clk 0:29:21]} 30. Bc2 {[%clk 0:29:03]} Reb8
{[%clk 0:28:38]} 31. Bc3 {[%clk 0:28:58]} Bd8 {[%clk 0:27:21]} 32. b3
{[%clk 0:29:04]} Ne8 {[%clk 0:27:13]} 33. a4 {[%clk 0:28:59]} a5 {[%clk 0:27:22]}
34. Bd2 {[%clk 0:28:47]} b6 {[%clk 0:27:51]} 35. Bd3 {[%clk 0:28:26]} Be7
{[%clk 0:27:45]} 36. Nc3 {[%clk 0:27:30]} Nc7 {[%clk 0:28:04]} 37. Nb5
{[%clk 0:27:07]} Rb7 {[%clk 0:27:16]} 38. Nxc7 {[%clk 0:26:59]} Rxc7
{[%clk 0:27:46]} 39. Bc3 {[%clk 0:27:10]} Raa7 {[%clk 0:28:07]} 40. Bc2
{[%clk 0:27:29]} Rab7 {[%clk 0:28:32]} 41. Bd3 {[%clk 0:27:50]} Bf8
{[%clk 0:28:34]} 1/2-1/2

[Event "Ïåðâåíñòâî Ìîñêâû ïî øàõìàòàì 2015 ñðåäè ìàëü÷èêîâ (Ì19)"]
[Site "Moscow"]
[Date "2015.11.14"]
[Round "3.5"]
[White "Ñàâåíêîâ, Êîíñòàíòèí"]
[Black "Ãàëÿåâ, Èâàí"]
[Result "1-0"]
[WhiteElo "2324"]
[BlackElo "1976"]
[PlyCount "0"]
[EventDate "2015.11.12"]

1. e4 {[%clk 1:30:59]} c5 {[%clk 1:30:50]} 2. Nc3 {[%clk 1:29:23]} a6
{[%clk 1:29:41]} 3. g3 {[%clk 1:27:39]} b5 {[%clk 1:29:17]} 4. Bg2
{[%clk 1:28:05]} Bb7 {[%clk 1:29:42]} 5. d3 {[%clk 1:27:08]} e6 {[%clk 1:29:13]}
6. Nge2 {[%clk 1:25:19]} Nf6 {[%clk 1:27:19]} 7. O-O {[%clk 1:23:11]} d5
{[%clk 1:14:25]} 8. exd5 {[%clk 1:18:46]} Nxd5 {[%clk 1:13:48]} 9. Ne4
{[%clk 1:08:33]} Ra7 {[%clk 1:05:06]} 10. c4 {[%clk 1:05:43]} Nf6
{[%clk 0:59:38]} 11. cxb5 {[%clk 1:04:20]} axb5 {[%clk 0:55:50]} 12. N2c3
{[%clk 0:56:34]} Qb6 {[%clk 0:43:07]} 13. a4 {[%clk 0:42:43]} Nxe4
{[%clk 0:37:32]} 14. dxe4 {[%clk 0:42:11]} Bc6 {[%clk 0:34:28]} 15. Bf4
{[%clk 0:33:34]} b4 {[%clk 0:24:53]} 16. a5 {[%clk 0:22:32]} Rxa5
{[%clk 0:17:00]} 17. Rxa5 {[%clk 0:19:19]} Qxa5 {[%clk 0:15:20]} 18. Nd5
{[%clk 0:19:14]} Nd7 {[%clk 0:13:19]} 19. Qh5 {[%clk 0:15:08]} Nf6
{[%clk 0:10:29]} 20. Qe5 {[%clk 0:14:24]} Nd7 {[%clk 0:10:12]} 21. Nc7+
{[%clk 0:12:53]} Ke7 {[%clk 0:05:54]} 22. Qd6+ {[%clk 0:13:14]} Kd8
{[%clk 0:06:01]} 23. Qxc6 {[%clk 0:13:29]} e5 {[%clk 0:06:00]} 24. Bg5+
{[%clk 0:13:08]} f6 {[%clk 0:06:18]} 25. Ne6+ {[%clk 0:13:34]} Ke7
{[%clk 0:06:11]} 26. Rd1 {[%clk 0:13:35]} Qa7 {[%clk 0:05:08]} 27. Nc7
{[%clk 0:13:53]} 1-0

[Event "Ïåðâåíñòâî Ìîñêâû ïî øàõìàòàì 2015 ñðåäè ìàëü÷èêîâ (Ì19)"]
[Site "Moscow"]
[Date "2015.11.14"]
[Round "3.6"]
[White "Ñàëüìàí, Ïàâåë"]
[Black "Ñåëèâåðñòîâ, Âëàäèñëàâ"]
[Result "1-0"]
[WhiteElo "2196"]
[BlackElo "1954"]
[PlyCount "0"]
[EventDate "2015.11.12"]

1. d4 {[%clk 1:30:56]} Nf6 {[%clk 1:27:25]} 2. c4 {[%clk 1:31:19]} c6
{[%clk 1:27:43]} 3. Nf3 {[%clk 1:31:25]} d5 {[%clk 1:28:06]} 4. Nc3
{[%clk 1:31:47]} e6 {[%clk 1:28:29]} 5. Bg5 {[%clk 1:30:15]} Nbd7
{[%clk 1:28:43]} 6. cxd5 {[%clk 1:29:26]} exd5 {[%clk 1:28:51]} 7. e3
{[%clk 1:29:41]} Be7 {[%clk 1:29:14]} 8. Bd3 {[%clk 1:29:51]} Nf8
{[%clk 1:28:12]} 9. Qc2 {[%clk 1:27:52]} g6 {[%clk 1:28:26]} 10. h3
{[%clk 1:16:35]} Ne6 {[%clk 1:28:28]} 11. Bh4 {[%clk 1:16:43]} Ng7
{[%clk 1:28:35]} 12. g4 {[%clk 1:14:43]} Be6 {[%clk 1:21:24]} 13. O-O-O
{[%clk 1:11:58]} Qa5 {[%clk 1:18:55]} 14. Ne5 {[%clk 1:09:16]} Ng8
{[%clk 1:12:53]} 15. Bg3 {[%clk 1:05:28]} f6 {[%clk 1:08:30]} 16. Bxg6+
{[%clk 0:59:25]} hxg6 {[%clk 1:06:53]} 17. Nxg6 {[%clk 0:57:25]} Rh6
{[%clk 1:07:04]} 18. Bf4 {[%clk 0:57:06]} Rxg6 {[%clk 1:06:09]} 19. Qxg6+
{[%clk 0:57:26]} Kf8 {[%clk 1:06:29]} 20. h4 {[%clk 0:48:31]} Bb4
{[%clk 0:53:26]} 21. h5 {[%clk 0:43:56]} Bxc3 {[%clk 0:50:23]} 22. Bd6+
{[%clk 0:43:39]} Ne7 {[%clk 0:50:17]} 23. h6 {[%clk 0:39:49]} Ne8
{[%clk 0:49:37]} 24. h7 {[%clk 0:39:36]} Nxd6 {[%clk 0:49:32]} 25. h8=Q+
{[%clk 0:39:30]} Ng8 {[%clk 0:49:44]} 26. Qhg7# {[%clk 0:39:48]} 1-0